<?xml version="1.0" encoding="UTF-8"?>
<collection xmlns="http://www.loc.gov/MARC21/slim">
 <record>
  <leader>00644pamaa2200169   4500</leader>
  <controlfield tag="001">0000022701</controlfield>
  <controlfield tag="005">20091130090000.0</controlfield>
  <datafield tag="020" ind1="0" ind2="0">
   <subfield code="a">[ nil ] </subfield>
  </datafield>
  <datafield tag="082" ind1=" " ind2=" ">
   <subfield code="a">005.10285 VIS</subfield>
  </datafield>
  <datafield tag="090" ind1="0" ind2="0">
   <subfield code="a">QA76.758 </subfield>
   <subfield code="b">VIS 1996</subfield>
  </datafield>
  <datafield tag="245" ind1="0" ind2="0">
   <subfield code="a">VISIBLE analyst workbench for Windows : </subfield>
   <subfield code="b">tutorial on structured methods and the repository  </subfield>
   <subfield code="c">Visible Systems Corporation.</subfield>
  </datafield>
  <datafield tag="260" ind1="0" ind2="0">
   <subfield code="a">Waltham, MA: </subfield>
   <subfield code="b">Visible Systems Corporation, </subfield>
   <subfield code="c">1996.</subfield>
  </datafield>
  <datafield tag="300" ind1=" " ind2=" ">
   <subfield code="a">various pagings (0.7 cm thick); </subfield>
   <subfield code="c">23cm.</subfield>
  </datafield>
  <datafield tag="500" ind1="0" ind2="0">
   <subfield code="a">Includes disk 1 of 3, 2 of 3 and 3 of 3  Version 6.0a</subfield>
  </datafield>
  <datafield tag="650" ind1="0" ind2="0">
   <subfield code="a">Visible analyst workbench </subfield>
  </datafield>
  <datafield tag="650" ind1="0" ind2="0">
   <subfield code="a">Computer-aided software engineering </subfield>
  </datafield>
  <datafield tag="710" ind1="1" ind2="1">
   <subfield code="a">Visible Systems Corporation </subfield>
  </datafield>
 </record>
</collection>
